000 00971nam a2200265Ia 4500
003 OSt
005 20221005112445.0
006 a|||||r|||| 00| 0
007 ta
008 221004b |||||||| |||| 00| 0 pan d
020 _a9789352046607 (hbk)
_cINR 250.00
024 _a35717
037 _b1001, 13/11/2017, H.K. Prakashan
_cTextual
040 _aCRL
_cCRL
_bpan
041 _2pan
_apan
082 _aO153,3NPU,SD, Q7
100 _aਪਪਨੇਜਾ, ਬਲਜੀਤ ਸਿੰਘ, ਂਚ.
245 0 _aਸੰਤਾਪ-ਦਰ ਸੰਤਾਪ
260 _aਚੰਡੀਗੜ
_bਲੋਕਗੀਤ ਪ੍ਰਕਾFਨ ਭਾਰਤ
_c2017
300 _a147ਪੰ
_ccm.
650 _a ਪੰਜਾਬੀ ਕਹਾਣੀ
650 _aਪੰਜਾਾਬੀ ਸਾਹਿਤ
942 _hO153,3NPU,SD, Q7
_cTEXL
_2cc
999 _c1024952
_d1024952